ბათუმის შოთა რუსთაველის სახელმწიფო უნივერსიტეტის ბიბლიოთეკა

ლურჯ ტბათა იქით. (ბიბ.ჩანაწერი № 43929)

000 -LEADER
fixed length control field 00696nam a2200217Ia 4500
001 - CONTROL NUMBER
control field 10678
003 - CONTROL NUMBER IDENTIFIER
control field GE_BSU
008 - FIXED-LENGTH DATA ELEMENTS--GENERAL INFORMATION
fixed length control field 181216s||||||||xx |||||||||||||| ||und||
040 ## - CATALOGING SOURCE
Transcribing agency GE_BSU
080 ## - UNIVERSAL DECIMAL CLASSIFICATION NUMBER
Universal Decimal Classification number 821.353.1-1
100 ## - MAIN ENTRY--PERSONAL NAME
Personal name ფორჩხიძე,შალვა
245 ## - TITLE STATEMENT
Title ლურჯ ტბათა იქით.
245 ## - TITLE STATEMENT
Remainder of title ლექსები
245 ## - TITLE STATEMENT
Statement of responsibility, etc. რედ.კ.ბობოხიძე;მხატვ.ჯ.ყაველაშვილი.
260 ## - PUBLICATION, DISTRIBUTION, ETC.
Place of publication, distribution, etc. თბილისი.
260 ## - PUBLICATION, DISTRIBUTION, ETC.
Name of publisher, distributor, etc. საბჭ.საქართველო.
260 ## - PUBLICATION, DISTRIBUTION, ETC.
Date of publication, distribution, etc. 1959.
300 ## - PHYSICAL DESCRIPTION
Extent 111გვ;19სმ.
653 ## - INDEX TERM--UNCONTROLLED
Uncontrolled term ლურჯ ტბათა იქით.
942 ## - ADDED ENTRY ELEMENTS (KOHA)
Koha item type წიგნი
ეგზემპლარები
Withdrawn status Lost status Damaged status Not for loan Date acquired Barcode Date last seen Price effective from Koha item type
        2018-12-17 34964 2018-12-17 2018-12-17 წიგნი
        2018-12-17 34965 2018-12-17 2018-12-17 წიგნი